Global Justice (Record no. 13521)

MARC details
000 -LEADER
fixed length control field 00593nam a2200229 a 4500
020 ## - INTERNATIONAL STANDARD BOOK NUMBER
ISBN 9780415535052
082 00 - DEWEY DECIMAL CLASSIFICATION NUMBER
Classification number 320.9
Author Cutter MAF
100 ## - MAIN ENTRY--AUTHOR NAME
Author name Maffettone, Sebastiano
245 ## - TITLE STATEMENT
Title Global Justice
Sub title Critical Perspectives
260 ## - PUBLICATION, DISTRIBUTION, ETC. (IMPRINT)
Place of publication London
Name of publisher Routledge Chapman Hall
Year of publication 2012
300 ## - PHYSICAL DESCRIPTION
Number of Pages 208p
500 ## - GENERAL NOTE
General note includes index and biblioraphy
505 2# - FORMATTED CONTENTS NOTE
Formatted contents note Index
650 ## - SUBJECT ADDED ENTRY--TOPICAL TERM
Topical Term Justice-Political Situations
942 ## - ADDED ENTRY ELEMENTS (KOHA)
Koha item type Books
Holdings
Collection code Home library Current library Date acquired Cost, normal purchase price Full call number Accession Number Koha item type
  Henry Martyn Institute Library Henry Martyn Institute Library 08/09/2012 595.00 320.9 MAF 023852 Books
                   Copyright © 2026 | Henry Martyn Institute | Hyderabad | TS-500052 | INDIA | Implemented by hmi.edu.in
Hit-Count:

Powered by Koha